Comunicacin̤, memoria y resiliencia

Bibliographic Details
Main Author: Latorre Iglesias, Edimer Leonardo
Format: eBook
Language:Spanish
Published: Bogot:̀ Universidad Sergio Arboleda, 2012
Subjects:
Online Access:Acceso restringido

MARC

LEADER 00000nam a22000007a 4500
005 20171221170534.0
007 cr|||| ||||
008 171221s2012 ck |||||s|||| 00||0 spa d
020 |a 978-958-8350-84-4 
035 |a 20948 
040 |a vLex 
090 |c 7336  |d 7336 
100 1 |a Latorre Iglesias, Edimer Leonardo 
245 1 0 |a Comunicacin̤, memoria y resiliencia  |h [Recurso electrn̤ico] /  |c Edimer Leonardo Latorre Iglesias 
256 |a Servicio en ln̕ea 
260 |a Bogot:̀  |b Universidad Sergio Arboleda,  |c 2012 
300 |a 1 recurso electrn̤ico 
500 |a Estudio de la memoria de las vc̕timas del conflicto armado en el Departamento del Magdalena: presentificacin̤, visibilizacin̤, catarsis y resiliencia  
506 1 |a Disponible solo en los productos indicados  |d vLex Global  |d vLex Global (Academic Edition, excluding Law Schools)  |d vLex Global (U.S. Academic Edition, Law Schools)  |d vLex Global (U.S. Academic Edition, excluding Law Schools)  |d vLex Global (Academic Edition, Law Schools) 
650 0 4 |a Ciencias sociales  |z Colombia 
740 0 |a vLex Libros (servicio en ln̕ea) 
856 4 0 |u http://vlex.com/source/comunicacion-memoria-resiliencia-20948  |z Acceso restringido 
942 |c BOOK 
999 0 |a Social science